000 01193cam a2200349 a 4500
005 20260322212012.0
008 data
010 _a 95035717
020 _a0140254544
020 _a9780140254549
040 _aDLC
_cDLC
_dDLC
043 _an-us-nc
050 0 0 _aPS3561.A678
_bL54 1996
082 0 0 _a813/.54
_220
100 1 _aKaron, Jan,
_d1937-
245 1 2 _aA light in the window /
_cJan Karon.
260 _aNew York :
_bPenguin Books,
_c1996.
300 _a413 p. :
_bmap ;
_c20 cm.
500 _aOriginal issued in series: The Mitford years.
650 0 _aMitford (N.C. : Imaginary place)
_vFiction.
650 0 _aChurch membership
_vFiction.
650 0 _aEpiscopalians
_vFiction.
650 0 _aClergy
_vFiction.
650 0 _aKavanagh, Timothy (Fictitious character)
_vFiction.
651 0 _aNorth Carolina
_vFiction.
655 7 _aDomestic fiction.
_2lcsh
655 7 _aChristian fiction.
_2gsafd
800 1 _aKaron, Jan,
_d1937-
_tMitford years.
856 4 2 _3Contributor biographical information
_uhttp://www.loc.gov/catdir/enhancements/fy1207/95035717-b.html
856 4 2 _3Publisher description
_uhttp://www.loc.gov/catdir/enhancements/fy1207/95035717-d.html
001 data
999 _c257
_d257